|
|
|
|
| LEADER |
00000nam a2200000 a 4500 |
| 001 |
vtls008399068 |
| 003 |
SK-MaSNL |
| 005 |
20260301075605.0 |
| 008 |
251124s1931 xo slo |
| 015 |
|
|
|a SKSNBA19191938-011974
|
| 035 |
|
|
|a SK01SNKBSKHR20020091285
|
| 035 |
|
|
|a SKM000093748
|
| 040 |
|
|
|a SNK
|b slo
|c SNK
|e AACR2
|
| 041 |
1 |
|
|a slo
|
| 044 |
|
|
|a xo
|
| 100 |
1 |
|
|a Steiner, Eugen
|4 aut
|9 399920
|
| 245 |
1 |
0 |
|a Srdce na dlani
|c Eugen Steiner-Rosian
|
| 260 |
|
|
|a Nitra
|b n. vl.
|c 1931
|e Nitra
|f Hermes
|
| 300 |
|
|
|a 29, [2] s.
|c 8°
|
| 655 |
|
7 |
|a umelecká literatúra
|2 SNKPH
|9 60405
|
| 852 |
|
|
|a Slovenská národná knižnica v Martine
|b 10000
|h MS SD 2877
|
| 852 |
|
|
|a Univerzitná knižnica v Bratislave
|b 300000
|h SG 2535
|
| 852 |
|
|
|a Univerzitná knižnica v Bratislave
|b 300000
|h XXG 620
|
| 958 |
|
|
|a RK
|
| 958 |
|
|
|a TL
|
| 999 |
|
|
|c 650714
|d 652644
|
| 952 |
|
|
|a SNK
|b SNK
|y PREZ
|7 0
|p 17A0761129
|o snkSD 2877
|i snk523/31
|0 0
|1 0
|4 0
|d 2011-12-02
|l 0
|r 2025-10-31 00:00:00
|w 2026-02-23
|
| 952 |
|
|
|a SNK
|b SNK
|y VYP
|7 0
|p 17A0519318
|o snkSD 2877 D1
|i snkK 194/77
|0 0
|1 0
|4 0
|d 2006-09-08
|l 0
|r 2026-02-23 18:21:27
|w 2026-02-23
|